| 000 | 01745cam a22003975a 4500 | ||
|---|---|---|---|
| 001 | 16321850 | ||
| 003 | OSt | ||
| 005 | 20150408114151.0 | ||
| 008 | 100708s2010 gw a b 101 0 eng d | ||
| 010 | _a 2010932132 | ||
| 020 | _a9783642147982 | ||
| 020 | _a3642147984 | ||
| 035 | _a(OCoLC)ocn648933509 | ||
| 040 |
_aBTCTA _cBTCTA _dOHX _dAZS _dDLC |
||
| 042 | _alccopycat | ||
| 082 |
_222 _a352.387 _bEGE |
||
| 111 | 2 |
_aEGOV 2010 _d(2010 : _cLausanne, Switzerland) _939790 |
|
| 245 | 1 | 0 |
_aElectronic government : _b9trh IFIP WG 8.5 international conference, EGOV 2010, Lausanne, Switzerland, August 29-September 2, 2010 : proceedings / _cMaria A. Wimmer ... [et al.] (eds.). |
| 260 |
_aBerlin ; _aNew York : _bSpringer, _c2010. |
||
| 300 |
_axiv, 438 p. : _bill. ; _c24 cm. |
||
| 490 | 1 |
_aLecture notes in computer science, _x0302-9743 ; _v6228 |
|
| 490 | 1 | _aLNCS sublibrary: SL 3-information systems and application, incl. Internet/Web and HCI | |
| 504 | _aIncludes bibliographical references and index. | ||
| 530 | _aAlso issued online. | ||
| 650 | 0 |
_aInternet in public administration _vCongresses. _939791 |
|
| 650 | 0 |
_aElectronic government information _vCongresses. _939792 |
|
| 700 | 1 |
_aWimmer, Maria A. _939793 |
|
| 830 | 0 |
_aLecture notes in computer science ; _v6228. _939794 |
|
| 830 | 0 |
_aLNCS sublibrary. _nSL 3 _pInformation systems and applications, incl. Internet/Web, and HCI. _918783 |
|
| 856 | 4 | 2 |
_3Publisher description _uhttp://www.loc.gov/catdir/enhancements/fy1305/2010932132-d.html |
| 906 |
_a0 _bibc _ccopycat _d2 _encip _f20 _gy-gencatlg |
||
| 936 | _aPR 671353632 | ||
| 942 |
_2ddc _cBOOK |
||
| 999 |
_c32070 _d266570 |
||